[Event "Bundesliga 0102"]
[Site "Deutschland"]
[Date "2002.02.01"]
[Round "5.7"]
[White "Duppel, Matthias"]
[Black "Gross, David2"]
[Result "0-1"]
[WhiteElo "2455"]
[BlackElo "2463"]
[PlyCount "92"]
[EventDate "2001.10.06"]
[EventType "team"]
[EventRounds "15"]
[EventCountry "GER"]
[SourceTitle "Bundesliga 0102"]
[Source "DeepChess"]
[SourceDate "2005.01.01"]
[SourceVersion "1"]
[SourceVersionDate "2005.01.01"]
[SourceQuality "1"]
[WhiteTeam "Stuttgarter SF 1879"]
[BlackTeam "TV Tegernsee"]
[WhiteTeamCountry "GER"]
[BlackTeamCountry "GER"]

1. d4 Nf6 2. c4 e6 3. Nf3 b6 4. e3 Bb7 5. Bd3 d5 6. O-O Bd6 7. cxd5 exd5 8. b3
Qe7 9. Bb2 Nbd7 10. Nc3 a6 11. Re1 O-O 12. Nd2 Ne4 13. Ncxe4 dxe4 14. Bf1 Bd5
15. Qc1 b5 16. a4 c6 17. Ba3 b4 18. Bb2 a5 19. Qd1 f5 20. Bc4 Qh4 21. g3 Qh3
22. Rc1 Qh6 23. Qe2 Qe6 24. Rc2 Nf6 25. Rec1 g5 26. f3 Rae8 27. f4 gxf4 28.
gxf4 Kh8 29. Kh1 Rg8 30. Bxd5 cxd5 31. Rg1 Rxg1+ 32. Kxg1 Rg8+ 33. Kh1 Ng4 34.
Nf1 Be7 35. Qe1 Qh6 36. Rg2 Bh4 37. Qe2 Qg6 38. Kg1 Bf2+ 39. Qxf2 Nxf2 40. Rxg6
Nh3+ 41. Kg2 Rxg6+ 42. Ng3 Nxf4+ 43. exf4 Rc6 44. Ba1 Rc2+ 45. Kh3 Ra2 46. Nxf5
Rxa1 0-1

[Event "Bundesliga 0102"]
[Site "Deutschland"]
[Date "2002.02.01"]
[Round "5.8"]
[White "Kachiani Gersinska, Ketino"]
[Black "Volke, Karsten"]
[Result "1-0"]
[WhiteElo "2453"]
[BlackElo "2467"]
[PlyCount "95"]
[EventDate "2001.10.06"]
[EventType "team"]
[EventRounds "15"]
[EventCountry "GER"]
[SourceTitle "Bundesliga 0102"]
[Source "DeepChess"]
[SourceDate "2005.01.01"]
[SourceVersion "1"]
[SourceVersionDate "2005.01.01"]
[SourceQuality "1"]
[WhiteTeam "TV Tegernsee"]
[BlackTeam "Stuttgarter SF 1879"]
[WhiteTeamCountry "GER"]
[BlackTeamCountry "GER"]

1. d4 Nf6 2. c4 e6 3. g3 c5 4. d5 exd5 5. cxd5 d6 6. Nc3 g6 7. Bg2 Bg7 8. Nf3
O-O 9. O-O Re8 10. Bf4 Na6 11. h3 Nc7 12. a4 Ne4 13. Nxe4 Rxe4 14. Nd2 Rb4 15.
Ra2 b5 16. Nb3 bxa4 17. Na5 Rd4 18. Qc1 Qd7 19. Rd1 Nb5 20. Bd2 Bb7 21. e3 Rxd2
22. Rxd2 a3 23. bxa3 Bc3 24. Nc6 Bxd2 25. Qxd2 a6 26. a4 Na7 27. Na5 Bc8 28.
Nc6 Bb7 29. Na5 Bc8 30. Nc4 Rb8 31. Rb2 Qc7 32. Rxb8 Qxb8 33. Qa5 Bf5 34. e4
Bd7 35. Qxa6 Nc8 36. Qa5 Kg7 37. Qc3+ f6 38. Qa5 Ne7 39. Kh2 h5 40. Qb6 Qxb6
41. Nxb6 Bc8 42. Bf1 Bb7 43. a5 Nc8 44. Nxc8 Bxc8 45. a6 Kf8 46. a7 Bb7 47. Bb5
Ke7 48. Bc6 1-0

[Event "Bundesliga 0102"]
[Site "Deutschland"]
[Date "2002.02.02"]
[Round "6.1"]
[White "Luther, Thomas"]
[Black "Movsesian, Sergei"]
[Result "1/2-1/2"]
[WhiteElo "2604"]
[BlackElo "2627"]
[PlyCount "48"]
[EventDate "2001.10.06"]
[EventType "team"]
[EventRounds "15"]
[EventCountry "GER"]
[SourceTitle "Bundesliga 0102"]
[Source "DeepChess"]
[SourceDate "2005.01.01"]
[SourceVersion "1"]
[SourceVersionDate "2005.01.01"]
[SourceQuality "1"]
[WhiteTeam "Erfurter SK"]
[BlackTeam "SF Neukoelln 03 e.V."]
[WhiteTeamCountry "GER"]
[BlackTeamCountry "GER"]

1. e4 c5 2. Nf3 Nc6 3. d4 cxd4 4. Nxd4 Qc7 5. Nc3 e6 6. f4 a6 7. Nxc6 bxc6 8.
Bd3 d5 9. O-O Nf6 10. e5 Nd7 11. Na4 Bb7 12. c4 d4 13. Be4 c5 14. Qf3 Rb8 15.
b3 Be7 16. Bd2 O-O 17. Rae1 Bxe4 18. Qxe4 Qb7 19. Qe2 Rbe8 20. Qh5 Qc6 21. Nb2
g6 22. Qh3 f5 23. exf6 Bxf6 24. Nd3 Bg7 1/2-1/2

[Event "Bundesliga 0102"]
[Site "Deutschland"]
[Date "2002.02.02"]
[Round "6.2"]
[White "Stohl, Igor"]
[Black "Kuczynski, Robert"]
[Result "1-0"]
[WhiteElo "2533"]
[BlackElo "2470"]
[PlyCount "57"]
[EventDate "2001.10.06"]
[EventType "team"]
[EventRounds "15"]
[EventCountry "GER"]
[SourceTitle "Bundesliga 0102"]
[Source "DeepChess"]
[SourceDate "2005.01.01"]
[SourceVersion "1"]
[SourceVersionDate "2005.01.01"]
[SourceQuality "1"]
[WhiteTeam "SF Neukoelln 03 e.V."]
[BlackTeam "Erfurter SK"]
[WhiteTeamCountry "GER"]
[BlackTeamCountry "GER"]

1. c4 c6 2. Nc3 d5 3. d4 Nf6 4. Nf3 e6 5. Bg5 h6 6. Bh4 dxc4 7. e4 g5 8. Bg3 b5
9. Be2 Bb7 10. h4 b4 11. hxg5 bxc3 12. bxc3 Nxe4 13. Be5 Nxc3 14. Qc2 Nxe2 15.
Kxe2 Nd7 16. Bxh8 hxg5 17. Rh7 g4 18. Ne5 Nxe5 19. Bxe5 Qd5 20. Rah1 c5 21.
Rxf7 Qe4+ 22. Qxe4 Bxe4 23. Rc7 cxd4 24. Rh8 Rb8 25. Bxd4 Bd3+ 26. Ke3 Rb1 27.
Bc5 Re1+ 28. Kf4 Re4+ 29. Kg3 1-0

[Event "Bundesliga 0102"]
[Site "Deutschland"]
[Date "2002.02.02"]
[Round "6.3"]
[White "Paehtz, Thomas Sr"]
[Black "Berndt, Stephan"]
[Result "1/2-1/2"]
[WhiteElo "2451"]
[BlackElo "2479"]
[PlyCount "34"]
[EventDate "2001.10.06"]
[EventType "team"]
[EventRounds "15"]
[EventCountry "GER"]
[SourceTitle "Bundesliga 0102"]
[Source "DeepChess"]
[SourceDate "2005.01.01"]
[SourceVersion "1"]
[SourceVersionDate "2005.01.01"]
[SourceQuality "1"]
[WhiteTeam "Erfurter SK"]
[BlackTeam "SF Neukoelln 03 e.V."]
[WhiteTeamCountry "GER"]
[BlackTeamCountry "GER"]

1. e4 c5 2. Nf3 d6 3. Bb5+ Bd7 4. Bxd7+ Qxd7 5. c4 Nc6 6. Nc3 Ne5 7. d3 e6 8.
Bf4 Nxf3+ 9. Qxf3 Ne7 10. O-O Ng6 11. Be3 Be7 12. Qh5 O-O 13. f4 f5 14. Rf3 Rf7
15. Rh3 Nf8 16. Qe2 Bf6 17. exf5 Bxc3 1/2-1/2

[Event "Bundesliga 0102"]
[Site "Deutschland"]
[Date "2002.02.02"]
[Round "6.4"]
[White "Brynell, Stellan"]
[Black "Mueller, Matthias"]
[Result "1/2-1/2"]
[WhiteElo "2486"]
[BlackElo "2402"]
[PlyCount "102"]
[EventDate "2001.10.06"]
[EventType "team"]
[EventRounds "15"]
[EventCountry "GER"]
[SourceTitle "Bundesliga 0102"]
[Source "DeepChess"]
[SourceDate "2005.01.01"]
[SourceVersion "1"]
[SourceVersionDate "2005.01.01"]
[SourceQuality "1"]
[WhiteTeam "SF Neukoelln 03 e.V."]
[BlackTeam "Erfurter SK"]
[WhiteTeamCountry "GER"]
[BlackTeamCountry "GER"]

1. e4 e5 2. Nf3 Nc6 3. Bb5 a6 4. Bxc6 dxc6 5. O-O f6 6. d4 Bg4 7. dxe5 Qxd1 8.
Rxd1 fxe5 9. Rd3 Bd6 10. Nbd2 b5 11. b3 Ne7 12. Bb2 Ng6 13. g3 O-O 14. Kg2 Rf6
15. h3 Bd7 16. Nh2 Rf7 17. Rc1 c5 18. Nhf1 a5 19. c4 b4 20. Ne3 a4 21. bxa4
Rxa4 22. a3 Nf8 23. axb4 Rxb4 24. Bc3 Rb8 25. Ra1 Ne6 26. Nf5 Ng5 27. Nxd6
Bxh3+ 28. Kg1 cxd6 29. Rxd6 Rbf8 30. f3 Nxf3+ 31. Nxf3 Rxf3 32. Bxe5 Rf2 33.
Rb6 Rg2+ 34. Kh1 Rd2 35. Rb7 Rd7 36. Rxd7 Bxd7 37. Ra7 Rf7 38. Ra8+ Rf8 39. Ra7
Rf7 40. Rc7 Bg4 41. Rxc5 Bf3+ 42. Kg1 Bxe4 43. Bf4 Rf5 44. Rb5 Rxb5 45. cxb5
Kf7 46. Kf2 Ke6 47. Ke3 Bh1 48. Kd4 Kd7 49. Ke5 Kc8 50. g4 Kb7 51. Be3 Bg2
1/2-1/2

[Event "Bundesliga 0102"]
[Site "Deutschland"]
[Date "2002.02.02"]
[Round "6.5"]
[White "Votava, Jan"]
[Black "Borriss, Martin"]
[Result "1-0"]
[WhiteElo "2509"]
[BlackElo "2445"]
[PlyCount "43"]
[EventDate "2001.10.06"]
[EventType "team"]
[EventRounds "15"]
[EventCountry "GER"]
[SourceTitle "Bundesliga 0102"]
[Source "DeepChess"]
[SourceDate "2005.01.01"]
[SourceVersion "1"]
[SourceVersionDate "2005.01.01"]
[SourceQuality "1"]
[WhiteTeam "Erfurter SK"]
[BlackTeam "SF Neukoelln 03 e.V."]
[WhiteTeamCountry "GER"]
[BlackTeamCountry "GER"]

1. d4 Nf6 2. c4 g6 3. Nc3 Bg7 4. e4 d6 5. f3 O-O 6. Be3 Nbd7 7. Qd2 a6 8. Nge2
c6 9. Nc1 e5 10. Nb3 exd4 11. Bxd4 b5 12. Be2 Ne5 13. c5 Nc4 14. Bxc4 bxc4 15.
Nc1 d5 16. exd5 cxd5 17. O-O Rb8 18. N1e2 Qa5 19. Qf4 Bf5 20. g4 Bd3 21. Bxf6
Qxc5+ 22. Rf2 1-0

[Event "Bundesliga 0102"]
[Site "Deutschland"]
[Date "2002.02.02"]
[Round "6.6"]
[White "Polzin, Rainer"]
[Black "Casper, Thomas"]
[Result "1/2-1/2"]
[WhiteElo "2469"]
[BlackElo "2409"]
[PlyCount "51"]
[EventDate "2001.10.06"]
[EventType "team"]
[EventRounds "15"]
[EventCountry "GER"]
[SourceTitle "Bundesliga 0102"]
[Source "DeepChess"]
[SourceDate "2005.01.01"]
[SourceVersion "1"]
[SourceVersionDate "2005.01.01"]
[SourceQuality "1"]
[WhiteTeam "SF Neukoelln 03 e.V."]
[BlackTeam "Erfurter SK"]
[WhiteTeamCountry "GER"]
[BlackTeamCountry "GER"]

1. e4 e6 2. d4 d5 3. Nc3 Bb4 4. e5 Ne7 5. a3 Bxc3+ 6. bxc3 c5 7. Qg4 O-O 8. Bd3
f5 9. exf6 Rxf6 10. Bg5 Rf7 11. Qh5 g6 12. Qd1 Nbc6 13. Nf3 Qf8 14. O-O c4 15.
Be2 h6 16. Bd2 Bd7 17. Qc1 Kh7 18. Qb2 Nf5 19. Rae1 Re8 20. Bd1 Nd6 21. Ne5
Nxe5 22. dxe5 Nf5 23. Qxb7 Qxa3 24. Bg4 Qa2 25. Bxf5 gxf5 26. Qb1 1/2-1/2

[Event "Bundesliga 0102"]
[Site "Deutschland"]
[Date "2002.02.02"]
[Round "6.7"]
[White "Voekler, Bernd"]
[Black "Poldauf, Dirk"]
[Result "0-1"]
[WhiteElo "2376"]
[BlackElo "2403"]
[PlyCount "92"]
[EventDate "2001.10.06"]
[EventType "team"]
[EventRounds "15"]
[EventCountry "GER"]
[SourceTitle "Bundesliga 0102"]
[Source "DeepChess"]
[SourceDate "2005.01.01"]
[SourceVersion "1"]
[SourceVersionDate "2005.01.01"]
[SourceQuality "1"]
[WhiteTeam "Erfurter SK"]
[BlackTeam "SF Neukoelln 03 e.V."]
[WhiteTeamCountry "GER"]
[BlackTeamCountry "GER"]

1. e4 e6 2. d4 d5 3. Nc3 Bb4 4. e5 c5 5. a3 Bxc3+ 6. bxc3 Ne7 7. Qg4 Qc7 8.
Qxg7 Rg8 9. Qxh7 cxd4 10. Ne2 Nbc6 11. f4 Bd7 12. Qd3 dxc3 13. Rb1 O-O-O 14.
Qxc3 Nf5 15. Rg1 d4 16. Qd3 Na5 17. Rb4 a6 18. g4 Nh4 19. Rg3 Bb5 20. Rxb5 axb5
21. Qxb5 Nc4 22. h3 Kb8 23. Kf2 Rd5 24. Qb4 Rc8 25. Rd3 Qd8 26. c3 dxc3 27.
Rxc3 b5 28. Be3 Nxe3 29. Rxe3 Rc4 30. Qb3 Qb6 31. Kg3 Ng6 32. Bg2 Rd2 33. Bf3
Rcc2 34. h4 Ne7 35. h5 Nd5 36. Bxd5 Rxe2 37. Rxe2 Rxe2 38. Qf3 Re3 39. Be4
Rxf3+ 40. Kxf3 Qg1 41. Bd3 Qh1+ 42. Kg3 Qe1+ 43. Kf3 Qh4 44. Be2 Kc7 45. Bxb5
Qh3+ 46. Ke4 Qg2+ 0-1

[Event "Bundesliga 0102"]
[Site "Deutschland"]
[Date "2002.02.02"]
[Round "6.8"]
[White "Rudolf, Henrik"]
[Black "Brueggemann, Joachim"]
[Result "0-1"]
[WhiteElo "2328"]
[BlackElo "2358"]
[PlyCount "90"]
[EventDate "2001.10.06"]
[EventType "team"]
[EventRounds "15"]
[EventCountry "GER"]
[SourceTitle "Bundesliga 0102"]
[Source "DeepChess"]
[SourceDate "2005.01.01"]
[SourceVersion "1"]
[SourceVersionDate "2005.01.01"]
[SourceQuality "1"]
[WhiteTeam "SF Neukoelln 03 e.V."]
[BlackTeam "Erfurter SK"]
[WhiteTeamCountry "GER"]
[BlackTeamCountry "GER"]

1. e4 c5 2. Nf3 Nc6 3. d4 cxd4 4. Nxd4 Nf6 5. Nc3 d6 6. Bg5 e6 7. Qd2 h6 8.
Bxf6 gxf6 9. O-O-O a6 10. f4 Bd7 11. Be2 h5 12. Kb1 Be7 13. Rhf1 Nxd4 14. Qxd4
Qa5 15. Rf3 Qc5 16. Qd2 Bc6 17. Re3 b5 18. Bf3 b4 19. Ne2 Rc8 20. Nd4 Ba4 21.
Be2 a5 22. b3 Bd7 23. Bc4 Qb6 24. f5 e5 25. Nf3 Rxc4 26. bxc4 Bc6 27. Qd3 Rg8
28. g3 Kd7 29. h3 Qc5 30. Rg1 a4 31. g4 Rb8 32. Nd2 h4 33. Rd1 Bf8 34. Qe2 Bh6
35. Rd3 Kc7 36. Ka1 Rb6 37. Rb1 Bb7 38. c3 b3 39. Rb2 Qg1+ 40. Qf1 Qxf1+ 41.
Nxf1 Bxe4 42. Rd1 Bc2 43. Re1 Kc6 44. Ne3 Bxe3 45. Rxe3 Kc5 0-1

[Event "Bundesliga 0102"]
[Site "Deutschland"]
[Date "2002.02.02"]
[Round "6.1"]
[White "Aronian, Levon"]
[Black "Dautov, Rustem"]
[Result "1/2-1/2"]
[WhiteElo "2562"]
[BlackElo "2630"]
[PlyCount "48"]
[EventDate "2001.10.06"]
[EventType "team"]
[EventRounds "15"]
[EventCountry "GER"]
[SourceTitle "Bundesliga 0102"]
[Source "DeepChess"]
[SourceDate "2005.01.01"]
[SourceVersion "1"]
[SourceVersionDate "2005.01.01"]
[SourceQuality "1"]
[WhiteTeam "SV Wattenscheid 1930"]
[BlackTeam "Godesberger SK 1929"]
[WhiteTeamCountry "GER"]
[BlackTeamCountry "GER"]

1. e4 e5 2. Bc4 Nf6 3. d3 c6 4. Nf3 d5 5. Bb3 Bd6 6. Nc3 dxe4 7. Ng5 O-O 8.
Ncxe4 Nxe4 9. Nxe4 Bf5 10. Qf3 Bxe4 11. dxe4 Nd7 12. O-O Nc5 13. Rd1 Qe7 14.
Qg4 Nxb3 15. axb3 Rfd8 16. Bg5 f6 17. Be3 Bc5 18. Bxc5 Qxc5 19. c3 Qb6 20. b4
Rxd1+ 21. Rxd1 Rd8 22. Rd7 Rxd7 23. Qxd7 h6 24. h4 a5 1/2-1/2

[Event "Bundesliga 0102"]
[Site "Deutschland"]
[Date "2002.02.02"]
[Round "6.2"]
[White "Gurevich, Mikhail"]
[Black "Rustemov, Alexander"]
[Result "1-0"]
[WhiteElo "2633"]
[BlackElo "2607"]
[PlyCount "61"]
[EventDate "2001.10.06"]
[EventType "team"]
[EventRounds "15"]
[EventCountry "GER"]
[SourceTitle "Bundesliga 0102"]
[Source "DeepChess"]
[SourceDate "2005.01.01"]
[SourceVersion "1"]
[SourceVersionDate "2005.01.01"]
[SourceQuality "1"]
[WhiteTeam "Godesberger SK 1929"]
[BlackTeam "SV Wattenscheid 1930"]
[WhiteTeamCountry "GER"]
[BlackTeamCountry "GER"]

1. d4 d5 2. c4 c6 3. Nf3 Nf6 4. e3 a6 5. Qc2 g6 6. Bd3 Bg7 7. Nc3 O-O 8. Bd2
Bg4 9. Ne5 Be6 10. cxd5 Nxd5 11. Na4 Bxe5 12. dxe5 Nd7 13. e4 Nc7 14. f4 b5 15.
Nc3 Nc5 16. Be2 Bc4 17. Be3 Nd3+ 18. Bxd3 Bxd3 19. Qd2 f5 20. exf6 Rxf6 21.
O-O-O Rd6 22. Bc5 Rd7 23. f5 Qe8 24. Qe3 Rad8 25. Bb6 Bc4 26. Qg3 Rxd1+ 27.
Rxd1 Rxd1+ 28. Nxd1 Na8 29. Ba5 c5 30. b3 Bf7 31. Qe5 1-0

[Event "Bundesliga 0102"]
[Site "Deutschland"]
[Date "2002.02.02"]
[Round "6.3"]
[White "Holzke, Frank"]
[Black "Kengis, Edvins"]
[Result "0-1"]
[WhiteElo "2468"]
[BlackElo "2572"]
[PlyCount "94"]
[EventDate "2001.10.06"]
[EventType "team"]
[EventRounds "15"]
[EventCountry "GER"]
[SourceTitle "Bundesliga 0102"]
[Source "DeepChess"]
[SourceDate "2005.01.01"]
[SourceVersion "1"]
[SourceVersionDate "2005.01.01"]
[SourceQuality "1"]
[WhiteTeam "SV Wattenscheid 1930"]
[BlackTeam "Godesberger SK 1929"]
[WhiteTeamCountry "GER"]
[BlackTeamCountry "GER"]

1. e4 c5 2. Nf3 e6 3. d4 cxd4 4. Nxd4 a6 5. Bd3 g6 6. c4 Bg7 7. Ne2 Nc6 8. Nbc3
Nf6 9. O-O O-O 10. Bg5 Qa5 11. Qd2 Ng4 12. Rad1 Nce5 13. Be7 Re8 14. Bd6 Nxd3
15. Qxd3 Ne5 16. Bxe5 Qxe5 17. f4 Qc5+ 18. Kh1 b5 19. cxb5 axb5 20. e5 b4 21.
Ne4 Qe7 22. Qb3 Ba6 23. Rf2 Bb5 24. Rd4 Bc6 25. Nd6 Rf8 26. Qxb4 f6 27. exf6
Bxf6 28. Ne4 Bxe4 29. Qxe7 Bxe7 30. Rxe4 Rxa2 31. Nc1 Ra1 32. Rc4 d5 33. Rc6 e5
34. g3 Rf6 35. Rc8+ Rf8 36. Rc6 e4 37. Kg2 d4 38. Re2 d3 39. Nxd3 exd3 40. Rxe7
d2 41. Rcc7 Rf7 42. Rxf7 d1=Q 43. Rg7+ Kf8 44. Rcf7+ Ke8 45. Re7+ Kd8 46. Kh3
Qh5+ 47. Kg2 Rd1 0-1

[Event "Bundesliga 0102"]
[Site "Deutschland"]
[Date "2002.02.02"]
[Round "6.4"]
[White "Kveinys, Aloyzas"]
[Black "Ellers, Holger"]
[Result "1-0"]
[WhiteElo "2535"]
[BlackElo "2444"]
[PlyCount "47"]
[EventDate "2001.10.06"]
[EventType "team"]
[EventRounds "15"]
[EventCountry "GER"]
[SourceTitle "Bundesliga 0102"]
[Source "DeepChess"]
[SourceDate "2005.01.01"]
[SourceVersion "1"]
[SourceVersionDate "2005.01.01"]
[SourceQuality "1"]
[WhiteTeam "Godesberger SK 1929"]
[BlackTeam "SV Wattenscheid 1930"]
[WhiteTeamCountry "GER"]
[BlackTeamCountry "GER"]

1. e4 e6 2. d4 d5 3. Nd2 Be7 4. Bd3 c5 5. dxc5 Nf6 6. Qe2 Nc6 7. Ngf3 Nb4 8.
O-O Nxd3 9. cxd3 O-O 10. e5 Nd7 11. Nd4 Bxc5 12. N2f3 Re8 13. Bf4 f6 14. Rac1
fxe5 15. Bxe5 Nxe5 16. Rxc5 Qd6 17. Rfc1 Nxf3+ 18. Nxf3 Bd7 19. Qe5 Qb6 20. Rc7
Re7 21. Qe3 Qxb2 22. Ne5 Rf8 23. Rxd7 d4 24. Qe1 1-0

[Event "Bundesliga 0102"]
[Site "Deutschland"]
[Date "2002.02.02"]
[Round "6.5"]
[White "Sjodahl, Pontus"]
[Black "Langheinrich, Ferenc"]
[Result "1-0"]
[WhiteElo "2414"]
[BlackElo "2398"]
[PlyCount "95"]
[EventDate "2001.10.06"]
[EventType "team"]
[EventRounds "15"]
[EventCountry "GER"]
[SourceTitle "Bundesliga 0102"]
[Source "DeepChess"]
[SourceDate "2005.01.01"]
[SourceVersion "1"]
[SourceVersionDate "2005.01.01"]
[SourceQuality "1"]
[WhiteTeam "SV Wattenscheid 1930"]
[BlackTeam "Godesberger SK 1929"]
[WhiteTeamCountry "GER"]
[BlackTeamCountry "GER"]

1. d4 Nf6 2. c4 g6 3. Nc3 Bg7 4. e4 d6 5. f3 O-O 6. Be3 a6 7. Bd3 Nbd7 8. Nge2
c5 9. O-O cxd4 10. Nxd4 Nc5 11. Be2 a5 12. b3 Bd7 13. Rb1 Ne6 14. Ndb5 Bxb5 15.
Nxb5 Nd7 16. Qd2 Nec5 17. Kh1 Rc8 18. Rbe1 Re8 19. Bd1 Rc6 20. Bc2 Qa8 21. f4
Rcc8 22. Bf2 b6 23. Bg3 Nf6 24. Qe2 Qb7 25. h3 Rcd8 26. e5 dxe5 27. fxe5 Nh5
28. Bh2 Bh6 29. Qf2 Rf8 30. Rd1 Rxd1 31. Rxd1 Ne4 32. Qe1 Nc5 33. Nc3 Bf4 34.
Be4 Nxe4 35. Qxe4 Qxe4 36. Nxe4 Rc8 37. Bg1 Rc6 38. Rd8+ Kg7 39. Bd4 Re6 40. g4
Ng3+ 41. Nxg3 Bxg3 42. Rd5 a4 43. Kg2 Bf4 44. Kf3 Bh2 45. Rb5 axb3 46. axb3 Kf8
47. g5 Ke8 48. Ke4 1-0

[Event "Bundesliga 0102"]
[Site "Deutschland"]
[Date "2002.02.02"]
[Round "6.6"]
[White "Breder, Dennis"]
[Black "Straeter, Timo"]
[Result "1/2-1/2"]
[WhiteElo "2411"]
[BlackElo "2310"]
[PlyCount "33"]
[EventDate "2001.10.06"]
[EventType "team"]
[EventRounds "15"]
[EventCountry "GER"]
[SourceTitle "Bundesliga 0102"]
[Source "DeepChess"]
[SourceDate "2005.01.01"]
[SourceVersion "1"]
[SourceVersionDate "2005.01.01"]
[SourceQuality "1"]
[WhiteTeam "Godesberger SK 1929"]
[BlackTeam "SV Wattenscheid 1930"]
[WhiteTeamCountry "GER"]
[BlackTeamCountry "GER"]

1. e4 e5 2. Nf3 Nc6 3. Bb5 a6 4. Bxc6 dxc6 5. O-O Bd6 6. d4 exd4 7. Qxd4 f6 8.
Be3 Ne7 9. Nbd2 c5 10. Qd3 Be6 11. Nc4 Qd7 12. Rfd1 O-O-O 13. Nxd6+ Qxd6 14.
Qxd6 cxd6 15. b3 Nc6 16. Rd2 Kc7 17. Bf4 1/2-1/2

[Event "Bundesliga 0102"]
[Site "Deutschland"]
[Date "2002.02.02"]
[Round "6.7"]
[White "Franke, Johannes"]
[Black "Jackelen, Thomas"]
[Result "0-1"]
[WhiteElo "2305"]
[BlackElo "2392"]
[PlyCount "78"]
[EventDate "2001.10.06"]
[EventType "team"]
[EventRounds "15"]
[EventCountry "GER"]
[SourceTitle "Bundesliga 0102"]
[Source "DeepChess"]
[SourceDate "2005.01.01"]
[SourceVersion "1"]
[SourceVersionDate "2005.01.01"]
[SourceQuality "1"]
[WhiteTeam "SV Wattenscheid 1930"]
[BlackTeam "Godesberger SK 1929"]
[WhiteTeamCountry "GER"]
[BlackTeamCountry "GER"]

1. e4 d5 2. exd5 Qxd5 3. Nc3 Qa5 4. d4 Nf6 5. a3 c6 6. Nf3 Bf5 7. Bd3 e6 8.
Bxf5 Qxf5 9. Qe2 Nbd7 10. Bg5 Be7 11. O-O O-O 12. Rad1 Rfe8 13. Rfe1 Rad8 14.
Rd3 Nf8 15. Qd2 h6 16. Bxf6 Bxf6 17. Ne5 Nd7 18. Nc4 Nb6 19. Nxb6 axb6 20. Ne4
Be7 21. c3 Qb5 22. Rg3 Kh8 23. Qc2 Rd7 24. Nd2 Bd6 25. Rh3 Rde7 26. c4 Qg5 27.
Ne4 Qg6 28. c5 Bc7 29. cxb6 Bxb6 30. Rg3 Qf5 31. Ree3 Bxd4 32. Ref3 Qe5 33. Kf1
f5 34. Nd2 Qd5 35. Rg6 Rd7 36. Rd3 e5 37. Rdg3 e4 38. Nb3 Be5 39. Rh3 Kh7 0-1

[Event "Bundesliga 0102"]
[Site "Deutschland"]
[Date "2002.02.02"]
[Round "6.8"]
[White "Seger, Ruediger"]
[Black "Thiel, Thomas"]
[Result "0-1"]
[WhiteElo "2400"]
[BlackElo "2314"]
[PlyCount "88"]
[EventDate "2001.10.06"]
[EventType "team"]
[EventRounds "15"]
[EventCountry "GER"]
[SourceTitle "Bundesliga 0102"]
[Source "DeepChess"]
[SourceDate "2005.01.01"]
[SourceVersion "1"]
[SourceVersionDate "2005.01.01"]
[SourceQuality "1"]
[WhiteTeam "Godesberger SK 1929"]
[BlackTeam "SV Wattenscheid 1930"]
[WhiteTeamCountry "GER"]
[BlackTeamCountry "GER"]

1. e4 e6 2. d4 d5 3. Nd2 c5 4. exd5 Qxd5 5. Ngf3 cxd4 6. Bc4 Qd6 7. Qe2 Nf6 8.
Nb3 Nc6 9. Bg5 Be7 10. O-O-O e5 11. Bb5 Bg4 12. Qxe5 Qxe5 13. Nxe5 Bxd1 14.
Nxc6 Be2 15. Bxe2 bxc6 16. Nxd4 Nd5 17. Bd2 c5 18. Nc6 Kd7 19. Na5 Kc7 20. Bf3
Rad8 21. Re1 Bf6 22. Re4 g5 23. Nb3 Nb6 24. c3 c4 25. Na5 Rhe8 26. Be3 Rxe4 27.
Bxe4 h5 28. Bxb6+ axb6 29. Nxc4 Re8 30. Bd3 g4 31. Ne3 Bg5 32. Kd2 h4 33. g3
Kd6 34. Bf5 Rg8 35. gxh4 Bf4 36. Ke2 Bxe3 37. Kxe3 Ke5 38. Bd7 f5 39. f4+ Kf6
40. Kf2 Rd8 41. Bb5 Rd2+ 42. Kg3 Rxb2 43. a4 Rb3 44. Kg2 Rxc3 0-1

[Event "Bundesliga 0102"]
[Site "Deutschland"]
[Date "2002.02.02"]
[Round "6.1"]
[White "Kempinski, Robert"]
[Black "Khenkin, Igor"]
[Result "1/2-1/2"]
[WhiteElo "2595"]
[BlackElo "2579"]
[PlyCount "31"]
[EventDate "2001.10.06"]
[EventType "team"]
[EventRounds "15"]
[EventCountry "GER"]
[SourceTitle "Bundesliga 0102"]
[Source "DeepChess"]
[SourceDate "2005.01.01"]
[SourceVersion "1"]
[SourceVersionDate "2005.01.01"]
[SourceQuality "1"]
[WhiteTeam "Hamburger SK 1830 e.V."]
[BlackTeam "TV Tegernsee"]
[WhiteTeamCountry "GER"]
[BlackTeamCountry "GER"]

1. d4 d5 2. c4 c6 3. e3 e6 4. Nc3 Nf6 5. Nf3 Nbd7 6. Qc2 Bd6 7. Be2 O-O 8. O-O
Re8 9. Bd2 b6 10. e4 Nxe4 11. Nxe4 dxe4 12. Qxe4 Bb7 13. Bc3 Nf6 14. Qh4 c5 15.
dxc5 Bxc5 16. Rad1 1/2-1/2

[Event "Bundesliga 0102"]
[Site "Deutschland"]
[Date "2002.02.02"]
[Round "6.2"]
[White "Ribli, Zoltan"]
[Black "Ftacnik, Lubomir"]
[Result "1-0"]
[WhiteElo "2564"]
[BlackElo "2580"]
[PlyCount "99"]
[EventDate "2001.10.06"]
[EventType "team"]
[EventRounds "15"]
[EventCountry "GER"]
[SourceTitle "Bundesliga 0102"]
[Source "DeepChess"]
[SourceDate "2005.01.01"]
[SourceVersion "1"]
[SourceVersionDate "2005.01.01"]
[SourceQuality "1"]
[WhiteTeam "TV Tegernsee"]
[BlackTeam "Hamburger SK 1830 e.V."]
[WhiteTeamCountry "GER"]
[BlackTeamCountry "GER"]

1. c4 Nf6 2. Nc3 c5 3. Nf3 e6 4. e4 Nc6 5. Be2 b6 6. d4 cxd4 7. Nxd4 Bb7 8.
Nxc6 Bxc6 9. e5 Ne4 10. Nxe4 Bxe4 11. O-O Qc7 12. Bf4 Be7 13. Qd2 a5 14. Rfd1
Qb7 15. Bf1 Rd8 16. Rac1 O-O 17. Bg5 f6 18. exf6 gxf6 19. Bh6 Rfe8 20. Qf4 Kh8
21. Rc3 Rg8 22. Rg3 Rxg3 23. hxg3 Qc6 24. Bd3 Bxd3 25. Rxd3 b5 26. b3 bxc4 27.
bxc4 a4 28. Qg4 Rg8 29. Qh5 Rg6 30. Be3 f5 31. Qd1 d6 32. Ra3 Qxc4 33. Rxa4 Qc6
34. Ra7 Bf6 35. Qb3 d5 36. Rf7 Kg8 37. Rb7 Be5 38. Rb6 Qd7 39. Bf4 Bxf4 40.
gxf4 Rf6 41. Qg3+ Rg6 42. Qb3 Rf6 43. Rb8+ Rf8 44. Rb7 Qe8 45. a4 Qg6 46. a5
Rc8 47. a6 Rc1+ 48. Kh2 Qh6+ 49. Qh3 Qxf4+ 50. Qg3+ 1-0